Statistiken für Monaco-Quiz

Klicken Sie hier um das Quiz zu spielen!

Allgemein

  • Dieses Quiz wurde 6.748 mal gespielt
  • Das Durchschnittsergebnis liegt bei 10 aus 18

Antwortstatistiken

FrageAntwort% Korrekt
Einziges Land, an dem Monaco grenztFrankreich
99%
AmtsspracheFranzösisch
95%
Meer, an welchem Monaco liegtMittelmeer
95%
Monaco hat weltweit die größte Bevölkerungs_____Dichte
83%
Monaco liegt an dieser Küstenregion, auch als "Riviera" bekanntCôte d'{Azur}
80%
Land mit ähnlicher Flagge:
Indonesien
79%
Renommiertes Sportereignis, das seit 1929 jährlich in Monaco stattfindetGroßer Preis von Monaco
75%
Monaco ist vor Katar und Liechtenstein das ____ Land der WeltReichste
75%
Wie die Schweiz wird Monaco oft diese Bezeichnung verliehen{Steuer}oase
66%
Monaco hat mit 90 Jahren die höchste _________ weltweitLebenserwartung
58%
Stadtviertel mit berühmtem Casino, 1863 eröffnetMonte Carlo
57%
Aktueller MonarchAlbert II
43%
Ligurischer Dialekt, der in Monaco gesprochen wirdMonegassisch
31%
Amerikanische Schauspielerin, die 1956 Prinz Rainier heirateteGrace Kelly
29%
Naheliegende italienische Stadt, die 1215 eine Festung auf dem Felsen von Monaco errichtete; dieses Ereignis wird als der Anfang der modernen Geschichte Monacos betrachtetGenua
27%
Halbgott, der nach Legende den Hafen von Monaco errichteteHerkules
20%
Königshaus von MonacoGrimaldi
19%
Name des Fußballstadions von AS Monaco, benannt nach einem ehemaligen MonarchenStade {Louis} {II}
11%

Verteilung der Resultate

Perzentil nach korrekt beantworteten Fragen

Anzahl Personen mit jedem Resultat

Ihre Resultats-Entwicklung

Sie haben dieses Quiz noch nicht gespielt